Schaum`s Theory & Problems of Complex Variables : SI ( Metric ) Edition (Record no. 4018)

MARC details
000 -LEADER
fixed length control field 00429nam a2200157Ia 4500
008 - FIXED-LENGTH DATA ELEMENTS--GENERAL INFORMATION
fixed length control field 221030s9999 xx 000 0 und d
020 ## - INTERNATIONAL STANDARD BOOK NUMBER
ISBN 0070990107
041 ## - LANGUAGE CODE
Language code of text/sound track or separate title
082 ## - DEWEY DECIMAL CLASSIFICATION NUMBER
Classification number 105.23
Item number Spi
100 ## - MAIN ENTRY--AUTHOR NAME
Personal name M. R. Spiegel
245 #0 - TITLE STATEMENT
Title Schaum`s Theory & Problems of Complex Variables : SI ( Metric ) Edition
Statement of responsibility, etc by M. R. Spiegel
260 ## - PUBLICATION, DISTRIBUTION, ETC. (IMPRINT)
Name of publisher TMH
Place of publication New Delhi
Year of publication 2005
300 ## - PHYSICAL DESCRIPTION
Number of Pages 2005
650 ## - SUBJECT ADDED ENTRY--TOPICAL TERM
Topical Term BE Mathematics
942 ## - ADDED ENTRY ELEMENTS (KOHA)
Koha item type Books
Holdings
Accession Number Cost, normal purchase price Full call number Price effective from Koha item type Withdrawn / writtenoff status Materials specified (bound volume or other part) Damaged status Not for loan Permanent Location Current Location Shelving location Date acquired Lost/ Missing status department
BE 7486 221.00 105.23 Spi 10/30/2022 Books   Print   Not For Loan MIET Library, Jammu MIET Library, Jammu BL-, FL-, CUP-17, SH-5, R-5 01/17/2005   BE
BE 7487 221.00 105.23 Spi 10/30/2022 Books   Print     MIET Library, Jammu MIET Library, Jammu BL-Academic Block- A, FL-1, CUP-3, SH-3, R-3 01/24/2005   BE
BE 7488 221.00 105.23 Spi 10/30/2022 Books   Print     MIET Library, Jammu MIET Library, Jammu BL-Academic Block- A, FL-1, CUP-3, SH-3, R-3 11/12/2005   BE
BE 7489 221.00 105.23 Spi 10/30/2022 Books   Print     MIET Library, Jammu MIET Library, Jammu BL-Academic Block- A, FL-1, CUP-3, SH-3, R-3 11/12/2005   BE